000
00327nam a2200133Ia 4500
008
250526s9999 xx 000 0 und d
082
_a
954.91 BIL
100
_a
Billie, Alexander F.
245
0
_a
Kurrachee past present and future volume 2
260
_a
Karachi:
_c
2005
300
_a
197p.
600
_a
History
942
_c
GB
999
_c
31247
_d
31247